LEADER 01296nam a2200289 i 4500 001 000000145707 003 CaOOAMICUS 005 20220125104909.0 008 051206s2005 it u000 u ita u 013 $a121099 020 $a88-8123-389-4 040 $aSeMil$bita 100 1 $aMartini, Carlo Maria,$c.$0(OLS)http://semarc/name/89159 245 10$aVedere il mondo con gli occhi di Dio :$bPreghiere /$cCarlo Maria Martini ; a cura di Luca Diliberto. 264 1$aMilano :$bIn Dialogo,$c2005. 300 $a143 p. ;$c22 cm. 490 1 $aUomini e Parola ;$v1 650 4$aMartini, Carlo Maria - Preghiere.$0(OLS)http://semarc/subject/39942 700 1 $aDiliberto, Luca,$d<1963- >.$0(OLS)http://semarc/name/40041 830 0$aUomini e Parola ;$v1.$0(OLS)http://semarc/title/19782 850 $aSeMil 852 $aSeMil$W1$xVenegono$y1$m2F II 513$j98438$B98438$CSeMilBibl$Z2$F106680 $81 961 $aOmaggio: Pontiggia don Virginio 996 $6020$a88-8123-389-4$9(OLS)http://semarc/number/134185 996 $6245$aVedere il mondo con gli occhi di Dio :$bPreghiere$9(OLS)http://semarc/title/213025 996 $6264$aMilano :$bIn Dialogo$9(OLS)http://semarc/publisher/31663 LEADER 00997nam a2200241 i 4500 001 000000149167 003 CaOOAMICUS 005 20060328000000.0 008 060328s1927 it u000 u ita u 013 $a126485 040 $aSeMil$bita 100 1 $aTecchi, Bonaventura,$d<1896-1968>.$0(OLS)http://semarc/name/21134 245 13$aIl dramma del Foscolo /$cBonaventura Tecchi. 260 $aFirenze :$bSolaria,$c1927. 300 $a73 p. ;$c20 cm. 500 $aIn preliminari : di questa ed. sono stati stampati soltanto 300 esempl. numerati dall'1 al 300, questo esempl. porta il n. 222. - Fondo Ciprandi. 600 14$aFoscolo, Ugo <1778-1827>.$0(OLS)http://semarc/subject/5620 850 $aSeMil 852 $aSeMil$W1$xVenegono$y1$m1C II 149$j101467$B101467$CSeMilBibl$Z2$F110112 $81 941 1 $a1 961 $aOmaggio: Ciprandi dott. Paolo 996 $6245$aIl dramma del Foscolo$9(OLS)http://semarc/title/218061 996 $6260$aFirenze :$bSolaria$9(OLS)http://semarc/publisher/47871